000
00308nam a2200109Ia 4500
008
220204s9999 xx 000 0 und d
082
_a
301(035)
_b
BEC
100
_a
Becker, Esther R
245
0
_a
Dictionary of personal and industrial relations
260
_a
New York
_b
Philosophical library
_c
1958
942
_c
BK
999
_c
22983
_d
22983